000 00781nam a2200229 a 4500
003 CBULib
005 20240912102204.0
008 210323s2020 ||||||||||||||||| || u
020 _a9789211172607
040 _bEnglish
_cCBULib
_erda
_aCBULib
_dCBULib
050 _aUNECE(02)2020/21
110 _aUNECE
245 1 0 _aPoverty measurement : guide to data disaggregation
_c/by United Nations Economic Commission For Europe(UNECE)
260 _aGeneva
_bUNITED NATIONS
_c2020
300 _axiii, 225 pages : illustrations
336 _2rdacontent
_aText |
_btxt
337 _2rdamedia
_aUnmediated |
_bn
338 _2rdacarrier
_aVolume
_bnc
650 0 _aDATA DISAGGRETION - POVERTY MEASUREMENT
_93599
650 0 _aDATA DISAGGRETION - POVERTY MEASUREMENT
_93599
942 _2mc
_c029
999 _c54134
_d54134